AFL Cult Heroes Picture Quiz - Statistics

General Stats
  • This quiz has been taken 55 times
  • The average score is 33 of 84
Answer Stats
Picture Answer % Correct
Dane Swan
94%
Brendan Fevola
89%
Liam Ryan
89%
Cameron Ling
87%
Matt Rowell
87%
Sam Draper
87%
Majak Daw
85%
Jason Akermanis
81%
Peter Daicos
81%
Tom Liberatore
79%
Nic Naitanui
74%
Steve Johnson
74%
Dylan Buckley
72%
Tony Lockett
72%
Anthony McDonald-Tipungwuti
70%
Courtney Johns
70%
Daniel Gorringe
70%
Shane Mumford
68%
Alan Didak
62%
Leon Davis
62%
Matthew Richardson
62%
Dermott Brereton
60%
Fraser Gehrig
60%
Nick Davis
60%
Jake King
53%
Tony Modra
53%
Paul Puopolo
51%
Stephen Milne
51%
Ivan Maric
49%
Matt Spangher
49%
Robert Dipierdomenico
49%
Dennis Armfield
47%
Warwick Capper
45%
Byron Pickett
43%
Hewago Oea
40%
Justin Westhoff
40%
Mike Pyke
40%
Daniel Merrett
38%
Liam Jurrah
38%
Dean Rioli
36%
Max Rooke
36%
Quinten Lynch
36%
Stewart Dew
36%
Josh Bootsma
34%
Lewis Roberts-Thomson
32%
Matt Eagles
32%
Relton Roberts
32%
Darryl White
30%
Jarrad Grant
30%
Alan Toovey
28%
Ashley Sampi
28%
Jack Fitzpatrick
28%
Richard Tambling
28%
Clive Waterhouse
26%
Jason Porplyzia
23%
Kepler Bradley
23%
Shane Biggs
23%
Simon Prestigiacomo
23%
Matthew Lappin
21%
Steven Baker
21%
John Butcher
17%
Mark Jackson
17%
Austinn Jones
13%
Austin Wonaeamirri
13%
Tom Swift
13%
Brayden Crossley
11%
Nathan Carroll
11%
Ronnie Burns
11%
Andrew Wills
9%
Danny Southern
9%
Matthew Burton
9%
Damian Cupido
6%
Doug Hawkins
6%
Nathan Foley
6%
Rupert Betheras
6%
Digby Morrell
4%
Troy Wilson
4%
Wayne Weidemann
4%
Francis Bourke
2%
Josh Thurgood
2%
Nick Gill
2%
Toby Thurstans
2%
John Gastev
0%
Peter Bosustow
0%
No matching quizzes found
Score Distribution
Percent of People with Each Score
Percentile by Number Answered
Your Score History
You have not taken this quiz